| 000 | 00907cam a2200277 4500 | ||
|---|---|---|---|
| 008 | 090401t1994 xxu||||| |||| 00| 0 eng d | ||
| 020 | _a0582212553 | ||
| 035 | _a(Sirsi) u67571 | ||
| 041 | _aeng | ||
| 050 | _a690 | ||
| 100 | _aMcEvoy, M. | ||
| 245 | _aExternal components | ||
| 260 |
_aHarlow, Essex _bLongman Scientific & Technical _c1994 |
||
| 300 | _a293p. : ill. ; 25cm. | ||
| 350 | _a17.99 | ||
| 490 | _aMitchell's Building Series | ||
| 520 | _aCoverage includes: prefabricated building components; external glazing; windows; rooflights and patent glazing; structural glazing; external doors; and roofings. | ||
| 650 | _aDOORS | ||
| 650 | _aEXTERNAL COMPONENTS | ||
| 650 | _aGLAZING | ||
| 650 | _aBUILT ENVIRONMENT-BUILDING ELEMENTS-COMPLETE BUILDING ELEMENTS-ROOFS | ||
| 650 | _aWINDOWS | ||
| 690 | _aBUILT ENVIRONMENT-CONSTRUCTION DESIGN | ||
| 942 | _n0 | ||
| 948 | _c04/03/1997 | ||
| 999 |
_c95030 _d95030 |
||